Využitie digitálnej fotografie v obchodnej firme bakalárska práca

Saved in:
Bibliographic Details
Main Author: Skirčák, Michal
Corporate Author: Obchodná fakulta EU. Katedra informatiky obchodných firiem
Other Authors: Poláček, Marian
Format: Book
Language:Slovak
Published: Bratislava 2010
Tags: Add Tag
No Tags, Be the first to tag this record!

MARC

LEADER 00000nam$a2200000$$$4500
001 0134639
005 20240320074622.5
041 0 |a slo 
044 |a SK 
245 1 0 |a Využitie digitálnej fotografie v obchodnej firme  |b bakalárska práca  |c Michal Skirčák ; školiteľ: Marian Poláček 
264 1 |a Bratislava  |c 2010 
300 |a 58 s. 
100 1 |a Skirčák, Michal 
700 1 |a Poláček, Marian 
710 2 |a Obchodná fakulta EU. Katedra informatiky obchodných firiem